| 000 | 00605nam a2200205 a 4500 | ||
|---|---|---|---|
| 005 | 20230331063619.0 | ||
| 008 | 031110s1994 mx r 000 0 spa d | ||
| 020 | _a9501630676 | ||
| 035 | _aUPN01000130864 | ||
| 049 | _aCG | ||
| 050 | 4 |
_aLB1027 _bA6.6 |
|
| 245 | 0 | 0 |
_aAprender el currículum o aprender a pensar : _bun falso dilema / _cAna González... [et al.]. |
| 260 |
_aBuenos Aires : _bTroquel, _c1994. |
||
| 300 |
_a204 p. : _bil. |
||
| 440 | 0 | _aTroquel educación | |
| 650 | 4 |
_aPrácticas de la enseñanza _92849 |
|
| 700 | 1 |
_aGonzález, Ana, _ecoaut. |
|
| 905 | _aLibro | ||
| 999 |
_c103021 _d103021 |
||